| 000 | 00592nam a2200205 a 4500 | ||
|---|---|---|---|
| 001 | 71200 | ||
| 003 | BD-RjUL | ||
| 005 | 20211209082104.0 | ||
| 008 | 170429s1963 enkaf 000 0 eng d | ||
| 035 | _a(BD-RjUL)71415 | ||
| 040 |
_aBD-RjUL _beng _cBD-RjUL |
||
| 041 | _aeng | ||
| 082 |
_a938 _223 _bFIA 1963 |
||
| 100 | 1 |
_aFinley, M. I. _q(Moses I.), _d1912-1986. _9210651 |
|
| 245 | 1 | 4 |
_aThe ancient Greeks / _cby M.I. Finley |
| 260 |
_aLondon : _bChatto & Windus, _cc1963 |
||
| 300 |
_axii, 206 p. : _bill. ; _c21 cm. |
||
| 651 | 0 |
_aGreece _xCivilization _yTo 146 B.C. _9210652 |
|
| 942 |
_2ddc _cBK |
||
| 999 |
_c71200 _d71200 |
||